000 00747nam a2200289Ia 4500
005 20260324111713.0
008 008 260324s9999 xx 000 0 eng d
020 _a9781003340591
037 _aEBOOK
040 _aCRL
040 _beng
040 _cCRL
041 _2eng
041 _aeng
084 _qCRL
100 _aRoxana Chiappa Baros; Iris Viveros AvendaƱo
_91139667
245 0 _aNavigating Academia as a Transnational Scholar from the Global South
245 0 _bTreasuring All the Knowledges
260 _bTaylor and Francis
260 _c2025
365 _a
365 _b230
856 _uhttp://www.taylorfrancis.com/books/9781003340591
942 _cEBOOK
999 _c1728579
_d1728579